000 00893nam a22003017a 4500
001 BR2011004373
003 BR-BrBNA
005 20230928103736.0
007 ta
008 230509b bl.||||| |||| 00| 0 por d
040 _aBR-BrBNA
_bpor
_cBiblioteca Nacional de Agricultura
041 _a(Por)
072 _aS20
090 _ S20 BR2011004373
110 1 _aPrefeitura de Belo Horizonte, MG (Brasil). Secretaria Municipal de Política Social
_97849
245 1 _aPrograma educação alimentar e nutricional. Por dentro dos alimentos: a importância e a função dos nutrientes
260 3 _aBelo Horizonte, MG (Brasil):
_c2008.
300 _a32 p.
500 _a2 ref.
650 _aNUTRIENTE
650 _aVITAMINA
650 _aSAIS MINERAIS
650 _aCARBOIDRATO
650 _aGORDURA
650 _aPROTEÍNA
909 _a202309
_bLucia
_c55
_dLucia Elande
942 _cBK
999 _c76418
_d76418